Literature as national institution : studies in the politics of modern Greek criticism
Αποθηκεύτηκε σε:
| Κύριος συγγραφέας: | |
|---|---|
| Μορφή: | Βιβλίο |
| Γλώσσα: | English |
| Δημοσίευση: |
Princeton :
Princeton University Press,
1988
|
| Θέματα: | |
| Ετικέτες: |
Προσθήκη ετικέτας
Δεν υπάρχουν, Καταχωρήστε ετικέτα πρώτοι!
|
MARC
| LEADER | 00000cam a2200000 i 4500 | ||
|---|---|---|---|
| 001 | 1/14356 | ||
| 008 | 980508s1988 eng d | ||
| 020 | |a 0-691-06731-7 | ||
| 035 | |1 ΠΑΡ |a 1997 |l 10019390 | ||
| 040 | |a GR-MY-UA |b gre |e aacr | ||
| 041 | 0 | |a eng | |
| 082 | 0 | |a 889.02 | |
| 100 | 1 | |a Λαμπρόπουλος, Βασίλης, |d 1953- | |
| 245 | 1 | 0 | |a Literature as national institution : |b studies in the politics of modern Greek criticism / |c Vassilis Lambropoulos |
| 260 | |a Princeton : |b Princeton University Press, |c 1988 | ||
| 300 | |a 260 p. | ||
| 504 | |a Includes bibliographical references and index | ||
| 650 | 0 | 0 | |a Greek literature, Modern |y 19th century |x History and criticism. |
| 650 | 0 | 0 | |a Greek literature, Modern |y 20th century |x History and criticism. |
| 650 | 0 | 0 | |a Criticism |x Political aspects. |
| 852 | |a INST |b LESVOS |e 19980508 |h 889.02 ΛΑΜ |p 005100014924 |q 005100014924 |t BK |y 0 | ||
| 909 | |a Λ |b 040168 | ||